Southville International School and Colleges
Your cart is empty.
  • Cart
  • Lists
    Public lists Eva Luna New books Lux_list list_1
    Your lists Log in to create your own lists
  • Log in to your account
  • Your cookies
  • Search history
Southville International School and Colleges
  • Advanced search
  • Recent comments
  • Most popular
  • Libraries

Log in to your account

Log in with GOOGLE


If you do not have an external account, but do have a local account, you can still log in:

  1. Home
  2. MARC view: The Age of dinosaurs /
Normal view MARC view ISBD view

The Age of dinosaurs / (Record no. 102541)

[ view plain ]
MARC details
000 -LEADER
fixed length control field 00548nam a2200169 a 4500
005 - DATE AND TIME OF LATEST TRANSACTION
control field 20140412111238.0
008 - FIXED-LENGTH DATA ELEMENTS--GENERAL INFORMATION
fixed length control field 001109s19uu xx 00 eng d
020 ## - INTERNATIONAL STANDARD BOOK NUMBER
International Standard Book Number 0-394-88975-4
050 ## - LIBRARY OF CONGRESS CALL NUMBER
Classification number M 567.9
Item number L222 1987
100 ## - MAIN ENTRY--PERSONAL NAME
Personal name Lambert, David
245 ## - TITLE STATEMENT
Title The Age of dinosaurs /
Statement of responsibility, etc written by David Lambert ; designed by David Wash; illustrated by John Francis Bernard Robinson.
260 ## - PUBLICATION, DISTRIBUTION, ETC. (IMPRINT)
Place of publication, distribution, etc New York :
Name of publisher, distributor, etc Random House,
Date of publication, distribution, etc 1987.
300 ## - PHYSICAL DESCRIPTION
Extent 24 p.
650 ## - SUBJECT ADDED ENTRY--TOPICAL TERM
Topical term or geographic name as entry element Dinosaurs - - Juvenile Literature
650 ## - SUBJECT ADDED ENTRY--TOPICAL TERM
Topical term or geographic name as entry element Reptiles, Fossil
Holdings
Withdrawn status Lost status Damaged status Use restrictions Home library Current library Shelving location Date acquired Source of acquisition Total Checkouts Full call number Barcode Date last seen Price effective from Koha item type
        Elizalde Library Elizalde Library Main Section 11/09/2000     M 567.9 L222 1987 E2006 04/12/2014 04/12/2014 Books

The Age of dinosaurs /

APA

Lambert D., . (1987). The Age of dinosaurs. New York: Random House.

Chicago

Lambert David, . 1987. The Age of dinosaurs. New York: Random House.

Harvard

Lambert D., . (1987). The Age of dinosaurs. New York: Random House.

MLA

Lambert David, . The Age of dinosaurs. New York: Random House. 1987.

  • Place hold
  • Print
  • Cite
  • Add to your cart (remove)
  • Save record
    BIBTEX Dublin Core MARCXML MARC (non-Unicode/MARC-8) MARC (Unicode/UTF-8) MARC (Unicode/UTF-8, Standard) MODS (XML) RIS
  • More searches
    Search for this title in:
    Other Libraries (WorldCat) Other Databases (Google Scholar) Online Stores (Bookfinder.com) Open Library (openlibrary.org)

Exporting to Dublin Core...

SOUTHVILLE LIBRARY

Southville International School and Colleges Library

1281 Tropical Ave. Cor. Luxembourg St., BF Homes International, Las Pinas City

Tel. No. 8256374 / 252358 Loc. 117/146

Powered by Koha